| 000 | 00587nam a2200217 a 4500 | ||
|---|---|---|---|
| 003 | OSt | ||
| 005 | 20140508102954.0 | ||
| 008 | 040804s19uu xx 00 eng d | ||
| 020 | _a9780201635379 | ||
| 050 |
_aHG 173 _b.G58 2001 |
||
| 100 | _aGitman, Lawrence J. | ||
| 245 |
_aIntroduction to finance / _cLawrence J. Gitman. |
||
| 260 |
_aBoston : _bAddison & Wesley, _cc2001. |
||
| 300 |
_a755 p. : _bcol. ill. ; _c26 cm. |
||
| 500 | _aIncludes bibliography & index. | ||
| 521 | _aBSBA | ||
| 650 | _aFinance. | ||
| 700 | _aMadura, Jeff | ||
| 942 |
_cBK _2lcc _kFIL |
||
| 999 |
_c20647 _d20647 |
||